000
00257 a2200109 4500
020
_a
9789367130445
100
_a
Pradyumn Tripathi
245
_a
NTA UGC 2025 NET SET JRF Political Science paper 2
250
_a
3rd
260
_b
Pearson
_c
2025
942
_c
OO
999
_c
116222
_d
116221